<The> tourism area life cycle: Applications and modifications

Enregistré dans:
Détails bibliographiques
Autres auteurs: Butler, Richard W.
Format: Livre
Langue:anglais
Publié: Clevedon Channel View Publications 2006
Collection:Aspects of tourism 28
Sujets:
Tags: Ajouter un tag
Pas de tags, Soyez le premier à ajouter un tag!

MARC

LEADER 00000nam$a2200000$$$4500
001 0113866
005 20240315121827.1
020 |a 1-84541-025-4 
041 0 |a eng 
044 |a GB 
245 1 0 |a <The> tourism area life cycle: Applications and modifications  |c edited by: Richard W. Butler 
264 1 |a Clevedon  |b Channel View Publications  |c 2006 
300 |a 385 s. 
490 1 |a Aspects of tourism  |v 28 
830 0 |a Aspects of tourism  |v 28 
610 2 0 |a turistika 
610 2 0 |a vývoj 
610 2 0 |a modely 
610 2 0 |a plánovanie 
610 2 0 |a oživenie 
610 2 0 |a štúdie prípadové 
610 2 0 |a ruch cestovný 
700 1 |a Butler, Richard W.